000 00590nam a2200205 4500
999 _c12981
_d12981
003 MIRAKIL
005 20190319120627.0
008 190319b tu ||||| |||| 00| 0 tur d
020 _a0446391069
040 _aTR-AnCHP
_cTR-AnCHP
041 _aeng
082 _a303.34
_bR61l 1990
100 _aRoberts, Wess
245 1 0 _aLeadership secrets of Attila the Hun /
_cWess Roberts.
260 _aNew York:
_bWarner Books,
_c1990.
300 _a110 s.:
_c20 sm.
600 0 _95498
_aAttila
_cAvrupa Hun İmparatorluğu hükümdarı
_d406-453
650 0 _95499
_a Liderlik
942 _2ddc
_cBKS